Déjeuner Français à Espagnol - Statistiques

Statistiques générales
  • Ce quiz a été pris 56 fois
  • Le résultat moyen est 7 sur 23
Statistiques - réponses
Hint Réponse % Correct
Le pain El pan
95%
Le déjeuner El desayuno
76%
Le jambon El jamón
76%
Le fromage El queso
73%
Le beurre La mantequilla
59%
Le croissant El croissant
46%
La crêpe La crepe
43%
Le bagel El bagel
38%
Le yogourt El yogur
38%
La saucisse La salchicha
38%
Le muffin El muffin
35%
La confiture La marmelada
35%
La céréale El cereal
27%
La toast La tostada
19%
La gauffre El gofre
11%
L'oeuf cuit dur El huevo cocido
3%
Le sirop d'érable El arabe de arce
0%
L'oeuf bénédictine El huevo benedictino
0%
L'oeuf brouillé El huevo revuelto
0%
Le bacon El tocino
0%
Le gruau La avena
0%
Le beurre d'arachide La mantequilla de maní
0%
Le pain doré La tostada francesa
0%
Aucun quiz correspondant
Distribution des résultats
% des personnes avec chaque résultat
Percentile par nombre de réponses
Votre historique - résultats
Vous n’avez pas pris ce quiz